Používání chemických látek při povrchových úpravách materiálů : (bezpečné používání nebezpečných chemických látek a přípravků) /

Hlavní autor: Nováková, Jitka, 1962-
Jazyk: Čeština
Vydáno: Praha : Výzkumný ústav bezpečnosti práce, 2004
Vydání: Vyd. 1.
Témata:
Fyzický popis: 16 s. : il. ; 21 cm
Knihy
Uloženo v:
LEADER 01627nam a2200433 a 4500
001 000708075
003 CZ BrMZK
005 20090123125341.0
007 ta
008 040309s2004 xr a e 000 0 cze d
015 |a cnb001305858 
020 |a 80-239-2672-1  |q (v knize neuvedeno ; brož.) 
035 |a (OCoLC)56860653 
040 |a BOA001  |b cze 
043 |a e-xr--- 
072 7 |a 331  |x Práce  |2 Konspekt  |9 4 
080 |a 54-4  |2 MRF 
080 |a 614.75  |2 MRF 
080 |a 621.793/.795  |2 MRF 
080 |a 331.45  |2 MRF 
080 |a (437.3)  |2 MRF 
080 |a (041)  |2 MRF 
100 1 |a Nováková, Jitka,  |d 1962-  |7 mzk2004228287  |4 aut 
245 1 0 |a Používání chemických látek při povrchových úpravách materiálů :  |b (bezpečné používání nebezpečných chemických látek a přípravků) /  |c [zpracovala Jitka Nováková] 
250 |a Vyd. 1. 
260 |a Praha :  |b Výzkumný ústav bezpečnosti práce,  |c 2004 
300 |a 16 s. :  |b il. ;  |c 21 cm 
500 |a Příručka je příspěvkem k Evropskému týdnu bezpečnosti a ochrany zdraví při práci (říjen 2003) 
500 |a 200 výt. 
500 |a Nad názvem: VÚBP 
504 |a Obsahuje bibliografii 
650 0 7 |a chemické látky  |7 ph119147  |2 czenas 
650 0 7 |a nebezpečné látky  |7 ph123182  |2 czenas 
650 0 7 |a povrchové úpravy materiálů  |7 ph124452  |2 czenas 
650 0 7 |a bezpečnost práce  |7 ph118834  |z Česko  |2 czenas 
655 7 |a informační publikace  |7 fd132454  |2 czenas 
910 |a BOA001  |b 2-1131.612 
990 |a BK 
996 6 |b 2610215905  |c 2-1131.612  |l MZK  |r Sklad / do 1 hodiny  |n 5  |p p.v.  |w 000708075  |u 000010  |a 1  |e BOA001  |j MZK50  |s P